| 000 | 01360cam a2200349 a 4500 | ||
|---|---|---|---|
| 999 |
_c233754 _d233754 |
||
| 001 | 3073908 | ||
| 003 | Nust | ||
| 005 | 20170311121251.0 | ||
| 008 | 990114s1998 nyu b 000 1 eng | ||
| 010 | _a 97062337 | ||
| 020 | _a9781853267499 | ||
| 040 |
_aDLC _cDLC |
||
| 050 | 0 | 0 |
_aPS2382 _b1998 |
| 082 | 0 | 0 |
_a813.3 _bMEL |
| 100 | 1 |
_aMelville, Herman, _d1819-1891. |
|
| 245 | 1 | 0 |
_aBilly Budd and other stories / _cHerman Melville. |
| 246 | 3 | 0 | _aBilly Budd |
| 260 |
_aNew York : _bSignet Classic, _c1998 |
||
| 300 |
_axvii, 300 p. ; _c18 cm. |
||
| 500 | _a"Revised and updated bibliography." | ||
| 504 | _aIncludes bibliographical references (p. 327-329). | ||
| 505 | 0 | _aBilly Budd -- The piazza -- Bartleby -- Benito Cereno -- The lightning-rod man -- The Encantadas, or, Enchanted Isles -- The bell-tower -- The town-ho's story from Moby Dick. | |
| 650 | 0 | _aAdventure stories, American. | |
| 650 | 0 | _aSea stories, American. | |
| 650 | 0 |
_aExecutions and executioners _xFiction. |
|
| 650 | 0 |
_aShip captains _vFiction. |
|
| 650 | 0 |
_aImpressment _xFiction. |
|
| 650 | 0 |
_aSailors _xFiction. |
|
| 906 |
_a7 _bcbc _corignew _d2 _eopcn _f19 _gy-gencatlg |
||
| 942 |
_2ddc _cBK |
||